Discurso sobre el origen de la desigualdad entre los hombres : (Registro nro. 6910)

Detalles MARC
000 -LEADER
fixed length control field 00971nam a22002657a 4500
003 - CONTROL NUMBER IDENTIFIER
control field OSt
005 - DATE AND TIME OF LATEST TRANSACTION
control field 20201014114913.0
008 - FIXED-LENGTH DATA ELEMENTS--GENERAL INFORMATION
fixed length control field 201014s1762 sp ||||gr|||| 00| 0dspa d
020 ## - INTERNATIONAL STANDARD BOOK NUMBER
International Standard Book Number 847530642X
040 ## - CATALOGING SOURCE
Original cataloging agency CO-JMCR
Transcribing agency CO-JMCR
041 1# - LANGUAGE CODE
Language code of text/sound track or separate title spa
Language code of original eng
082 04 - DEWEY DECIMAL CLASSIFICATION NUMBER
Classification number 320.1 /
Item number R864d
Edition number 23
100 1# - MAIN ENTRY--PERSONAL NAME
Personal name Jean-Jacques Rousseau,
Relator term autor
9 (RLIN) 11513
245 10 - TITLE STATEMENT
Title Discurso sobre el origen de la desigualdad entre los hombres :
Remainder of title El contrato social /
Statement of responsibility, etc. Jean-Jacques Rousseau ; traducción de Consuelo Berges
260 ## - PUBLICATION, DISTRIBUTION, ETC.
Place of publication, distribution, etc. Barcelona :
Name of publisher, distributor, etc. Aguilar,
Date of publication, distribution, etc. 1762.
300 ## - PHYSICAL DESCRIPTION
Extent 266 páginas ;
Dimensions 20 cm.
500 ## - GENERAL NOTE
General note Datos biográficos del autor en páginas 5-6.
505 0# - FORMATTED CONTENTS NOTE
Formatted contents note Discurso sobre el origen de la desigualdad entre los hombres. -- El contrato social.
650 24 - SUBJECT ADDED ENTRY--TOPICAL TERM
Topical term or geographic name entry element Ciencias Políticas
9 (RLIN) 11514
650 24 - SUBJECT ADDED ENTRY--TOPICAL TERM
Topical term or geographic name entry element Contrato social
9 (RLIN) 3071
650 24 - SUBJECT ADDED ENTRY--TOPICAL TERM
Topical term or geographic name entry element La Ley natural
9 (RLIN) 11515
650 24 - SUBJECT ADDED ENTRY--TOPICAL TERM
Topical term or geographic name entry element Control social
9 (RLIN) 2763
700 1# - ADDED ENTRY--PERSONAL NAME
Personal name Berges, Consuelo,
Relator term traductora
9 (RLIN) 11516
942 ## - ADDED ENTRY ELEMENTS (KOHA)
Source of classification or shelving scheme Dewey Decimal Classification
Koha item type Books
Existencias
Withdrawn status Lost status Source of classification or shelving scheme Damaged status Not for loan Home library Current library Shelving location Date acquired Source of acquisition Total Checkouts Full call number Barcode Date last seen Date last checked out Copy number Price effective from Koha item type
    Dewey Decimal Classification     Biblioteca Pública José María del Castillo y Rada Biblioteca Pública José María del Castillo y Rada General Stacks 04/15/2018 Donación 1 320.1 / R864d 201810065 10/22/2025 10/22/2025 Ej.1 04/15/2018 Books